Movimientos Pokémon mas poderosos por tipo - Estadísticas

Estadísticas generales
  • Esta prueba ha sido intentada 76 veces
    38 desde el último reinicio
  • La puntuación promedio es 6 de 18
Estadísticas de respuestas
Tipo Ataque % Correcto
Agua Salpicar/Hidrocañón
76%
Planta Planta feroz/Clorofiláser
62%
Normal Explosión
55%
Lucha Puño certero/Asalto estelar
48%
Bicho Megacuerno
45%
Roca Testarazo/Romperrocas
45%
Fuego V de fuego
45%
Veneno Lanzamugre/Eructo
38%
Fantasma Orbes espectro/Golpe umbrío
38%
Volador Ataque aéreo
31%
Tierra Filo del abismo/Arremetida
31%
Hada Luz aniquiladora
31%
Acero Martillo colosal
28%
Electrico Electrorrayo/Ataque fulgor
21%
Dragon Rayo infinito
14%
Psíquico Láser prisma
10%
Hielo Rayo gélido/Llama gélida
10%
Siniestro Cerco dimensión
0%
No se encontraron pruebas coincidentes
Distribución de puntuación
Porcentaje de gente con cada puntuación
Porcentaje por número respondido
Historial de tus puntuaciones
No has intentado esta prueba desde el último reinicio